Pekeliling Kemajuan Pentadbiran Awam 1991 (Jilid 1)
| Format: | Book |
|---|---|
| Published: |
[Kuala Lumpur] :
[Jabatan Perdana Menteri] ,
1991
|
| Subjects: |
MARC
| LEADER | 00000cam a2200000 7i4500 | ||
|---|---|---|---|
| 001 | 0000002478 | ||
| 005 | 20021111.0 | ||
| 040 | |a INS | ||
| 090 | 0 | 0 | |a RJQ1062.A979 |b P45 1991 |
| 245 | 1 | 0 | |a Pekeliling Kemajuan Pentadbiran Awam 1991 (Jilid 1) |c Jabatan Perdana Menteri |
| 260 | |a [Kuala Lumpur] : |b [Jabatan Perdana Menteri] , |c 1991 | ||
| 300 | |a 24 cm | ||
| 650 | 0 | 0 | |a Civil service |z Malaysia |
| 650 | 0 | 0 | |a Public administration |z Malaysia |
| 999 | |a 0000006683 |b BOOK |c Reference |e Default branch | ||
| 999 | |a 0000022269 |b BOOK |c Open Shelf |e Default branch | ||